Methods for evaluating biological nitrogen fixation (Record no. 50202)
[ view plain ]
| 000 -LEADER | |
|---|---|
| fixed length control field | 00480 a2200181 4500 |
| 041 ## - LANGUAGE CODE | |
| Language code of text/sound track or separate title | Eng. |
| 082 ## - DEWEY DECIMAL CLASSIFICATION NUMBER | |
| Classification number | 574.133 |
| Item number | B238m |
| 100 ## - MAIN ENTRY--PERSONAL NAME | |
| Personal name | Bergersen, F.J. , ed. |
| 9 (RLIN) | 8436 |
| 245 ## - TITLE STATEMENT | |
| Title | Methods for evaluating biological nitrogen fixation |
| 260 ## - PUBLICATION, DISTRIBUTION, ETC. | |
| Place of publication, distribution, etc. | New York |
| Name of publisher, distributor, etc. | John Wiley and Sons |
| Date of publication, distribution, etc. | 1980 |
| 300 ## - PHYSICAL DESCRIPTION | |
| Extent | x,702p. illus. |
| 650 ## - SUBJECT ADDED ENTRY--TOPICAL TERM | |
| Topical term or geographic name entry element | Nitrogen-fixation |
| 9 (RLIN) | 8450 |
| 650 ## - SUBJECT ADDED ENTRY--TOPICAL TERM | |
| Topical term or geographic name entry element | Microorganisms |
| 9 (RLIN) | 8451 |
| 650 ## - SUBJECT ADDED ENTRY--TOPICAL TERM | |
| Topical term or geographic name entry element | Enzymes |
| 9 (RLIN) | 8452 |
| 650 ## - SUBJECT ADDED ENTRY--TOPICAL TERM | |
| Topical term or geographic name entry element | Algae |
| 653 ## - INDEX TERM--UNCONTROLLED | |
| Uncontrolled term | Biology |
| 942 ## - ADDED ENTRY ELEMENTS (KOHA) | |
| Source of classification or shelving scheme | Dewey Decimal Classification |
| Koha item type | General Collections |
| Withdrawn status | Lost status | Source of classification or shelving scheme | Damaged status | Not for loan | Home library | Current library | Date acquired | Total Checkouts | Full call number | Barcode | Date last seen | Price effective from | Koha item type |
|---|---|---|---|---|---|---|---|---|---|---|---|---|---|
| Dewey Decimal Classification | Tribhuvan University Central Library | Tribhuvan University Central Library | 01/05/2011 | 574.133 B238m | 87329 | 01/05/2011 | 01/05/2011 | General Collections |
